000 00440nam a2200169 a 4500
005 20140414132111.0
008 100823s19uu xx 00 eng d
050 _aVCD
_bT55
100 _aLucado, Max
245 _aTo share or nut to share.
260 _aNew York :
_bTommy Nelson,
_c2008.
300 _aApr 35 mins / Color / Stereo
440 _aMax Lucado's Hermie and Friends
650 _aSharing
650 _a
999 _c114767
_d114767